1971 Lions Rugby Tour in New Zealand - Statistics

General Stats
  • This quiz has been taken 35 times
  • The average score is 10 of 18
Answer Stats
Answer % Correct
J.P.R Williams
97%
Gareth Edwards
91%
Barry John
88%
Gerald Davies
78%
Mervyn Davies
78%
Willie-John McBride
75%
David Duckham
66%
John Dawes
66%
Mike Gibson
63%
Gordon Brown
56%
Ian McLauchlan
44%
John Bevan
34%
John Pullin
34%
John Taylor
31%
Delme Thomas
28%
Derek Quinnell
25%
Peter Dixon
9%
Sean Lynch
6%
No matching quizzes found
Score Distribution
Percent of People with Each Score
Percentile by Number Answered
Your Score History
You have not taken this quiz